Understanding the Land of the Bible (Record no. 12374)

MARC details
000 -LEADER
fixed length control field 00716nam a2200253 a 4500
020 ## - INTERNATIONAL STANDARD BOOK NUMBER
ISBN 0875524
082 00 - DEWEY DECIMAL CLASSIFICATION NUMBER
Classification number 220.91
Author Cutter ROB
100 ## - MAIN ENTRY--AUTHOR NAME
Author name Robertson, O Palmer
245 ## - TITLE STATEMENT
Title Understanding the Land of the Bible
Sub title Biblical-Theological Guide
260 ## - PUBLICATION, DISTRIBUTION, ETC. (IMPRINT)
Place of publication New Jersey
Name of publisher P and R Publishing
Year of publication 1996
300 ## - PHYSICAL DESCRIPTION
Number of Pages 158p
500 ## - GENERAL NOTE
General note includes index and biblioraphy
505 2# - FORMATTED CONTENTS NOTE
Formatted contents note Bibliography, Reference and Index
650 ## - SUBJECT ADDED ENTRY--TOPICAL TERM
Topical Term Bible-Geography
650 ## - SUBJECT ADDED ENTRY--TOPICAL TERM
Topical Term Palestine-Historical Geography
942 ## - ADDED ENTRY ELEMENTS (KOHA)
Koha item type Books
700 1# -
-- Robertson, O Palmer
Holdings
Collection code Home library Current library Date acquired Cost, normal purchase price Full call number Accession Number Koha item type
  Henry Martyn Institute Library Henry Martyn Institute Library 06/18/2007 739.26 220.91 ROB 019269 Books
                   Copyright © 2026 | Henry Martyn Institute | Hyderabad | TS-500052 | INDIA | Implemented by hmi.edu.in
Hit-Count:

Powered by Koha